| 000 | 01172nam a2200397 a 4500 | ||
|---|---|---|---|
| 001 | vtls000039073 | ||
| 003 | NLI | ||
| 005 | 20210601184703.0 | ||
| 008 | 101125s1973 alu 001 eng | ||
| 020 |
_a0817371036 _c$ 9.75 |
||
| 039 | 9 |
_y201011250338 _zVLOAD |
|
| 040 | 0 |
_aNLI _beng _cVERGIS-2003 |
|
| 041 | 0 | _aeng | |
| 044 | _aalu | ||
| 082 | 0 | 4 | _a813.5 |
| 100 | 1 |
_aBroer, Lawrence R. _9115405 |
|
| 245 | 1 | 0 |
_aHemingway's Spanish tragedy/ _cLawrence R. Broer |
| 260 |
_aAlabama: _bUniversity of Alabama Press, _cc1973 |
||
| 300 |
_axi, 131 p.; _c23 cm. |
||
| 500 | _aIncludes index | ||
| 504 | _aBibliography: p. 123-127 | ||
| 600 | 1 | 0 |
_aHemingway, Ernest _d1899-1961 _xCriticism and interpretation |
| 650 | 0 |
_aAmerican fiction _y20th century |
|
| 650 | 0 |
_aSpanish drama (Tragedy) _9115406 |
|
| 650 | 0 |
_aSpanish fiction _9115407 |
|
| 887 | _aA. Kannaki | ||
| 901 |
_a438481 _b18/11/1977 |
||
| 902 | _aE 813.5 B 785 | ||
| 903 | _a13/05/2004 | ||
| 904 | _aA. Kannaki | ||
| 906 | _a040577 | ||
| 949 |
_AVIRTUAITEM _D10000 _F1 _X100 _6PUR000438481ENG _aE 813.5 B785 |
||
| 942 |
_2ddc _cBKS |
||
| 999 |
_aVIRTUA _c44729 _d44729 |
||
| 999 | _aVTLSSORT0200*9490*9991 | ||